Understanding organizations: theories & images
Saved in:
| Hovedforfatter: | |
|---|---|
| Format: | Bog |
| Sprog: | engelsk |
| Udgivet: |
SAGE,
2013
|
| Tags: |
Tilføj Tag
Ingen Tags, Vær først til at tagge denne postø!
|
MARC
| LEADER | 00000nam a22000007a 4500 | ||
|---|---|---|---|
| 008 | 210820b ||||| |||| 00| 0 eng d | ||
| 020 | |a ISBN: 978-1-84920-741-6 | ||
| 100 | |a STABER, Udo H. | ||
| 245 | |a Understanding organizations: |b theories & images |c Udo H. Staber |g vii: 268p.; ill. | ||
| 260 | |b SAGE, |c 2013 |h Los Angeles |i 693379 – ADM. |i 693380 |l HD58.7 .St1 |m 1. Organizational behavior. |m 2. Associations, institutions, etc. |m I. Title. | ||
| 500 | |a “It includes index and references” | ||
| 942 | |a lcc |c BK |e j. o. ifatola |f 20/08/ 2021 | ||
| 952 | |0 0 |1 0 |2 lcc |4 0 |6 HD00587 S T1 |7 0 |9 3209 |a MPL |b HOL |c GJ |d 2021-08-20 |l 0 |o HD58.7 .St1 |p 2021-66907 |r 2021-08-20 00:00:00 |w 2021-08-20 |y BK | ||
| 952 | |0 0 |1 0 |2 lcc |4 0 |6 HD00587 S T1 |7 0 |9 3210 |a MPL |b HOL |c GJ |d 2021-08-20 |l 0 |o HD58.7 .St1 |p 2021-66908 |r 2021-08-20 00:00:00 |w 2021-08-20 |y BK | ||
| 999 | |c 1613 |d 1613 | ||